Neural networks and learning machines (Record no. 115578)

MARC details
000 -LEADER
fixed length control field 00239 a2200109 4500
020 ## - INTERNATIONAL STANDARD BOOK NUMBER
International Standard Book Number 9789332570313
100 ## - MAIN ENTRY--PERSONAL NAME
Personal name Simon Haykin
245 ## - TITLE STATEMENT
Title Neural networks and learning machines
250 ## - EDITION STATEMENT
Edition statement 3rd
260 ## - PUBLICATION, DISTRIBUTION, ETC. (IMPRINT)
Name of publisher, distributor, etc Pearson
Date of publication, distribution, etc 2024
942 ## - ADDED ENTRY ELEMENTS (KOHA)
Koha item type On order/under processing
Holdings
Withdrawn status Lost status Damaged status Not for loan Home library Current library Date acquired Source of acquisition Cost, normal purchase price Total Checkouts Barcode Date last seen Cost, replacement price Price effective from Koha item type
        University Library University Library 06/03/2026 146 760.00   00097663 06/03/2026 950.00 06/03/2026 On order/under processing
University Library, CUSAT